[Event "La Fere op 8th"]
[Site "La Fere"]
[Date "2009.07.08"]
[Round "6"]
[White "Legrand, Jean Pierre"]
[Black "Lucas, Bernard"]
[Result "0-1"]
[WhiteElo "1530"]
[BlackElo "1709"]
[PlyCount "110"]
[EventDate "2009.07.04"]
[EventType "swiss"]
[EventRounds "9"]
[EventCountry "FRA"]
[SourceTitle "CBM 131 Extra"]
[Source "ChessBase"]
[SourceDate "2009.09.03"]
[SourceVersion "2"]
[SourceVersionDate "2009.09.16"]
[SourceQuality "1"]

1. d4 d5 2. c4 c6 3. Nc3 Nf6 4. e3 e6 5. Bd3 Bd6 6. Nge2 Nbd7 7. cxd5 exd5 8. Bf5 0-0 9. 0-0 Re8 10. Nf4 Qc7 11. Bd2 Nf8 12. Bxc8 Raxc8 13. Rc1 Qd7 14. Nce2 Ng6 15. Nxg6 hxg6 16. Ng3 Re7 17. a3 Rce8 18. Rc3 Ne4 19. Nxe4 dxe4 20. Qe2 Bc7 21. Rfc1 Qd6 22. g3 Qe6 23. R3c2 Rd7 24. Bb4 Red8 25. Rc4 Rd5 26. Rc5 Bb6 27. Rxd5 Rxd5 28. Qf1 g5 29. a4 g4 30. b3 Rh5 31. Rc3 Qh6 32. Qg2 f5 33. a5 Bd8 34. Rc5 Kh7 35. Re5 Qg6 36. Be7 Bc7 37. Rc5 Qf7 38. Bh4 g5 39. h3 gxh4 40. hxg4 h3 41. Qf1 h2+ 42. Kh1 fxg4 43. Rxh5+ Qxh5 44. Qc4 Qf5 45. Qb4 Qf3+ 46. Kxh2 Qxf2+ 47. Kh1 Qf3+ 48. Kg1 Qxg3+ 49. Kf1 Qf3+ 50. Kg1 Qxe3+ 51. Kf1 Qf3+ 52. Kg1 Qf7 53. Qe1 Qf3 54. Qh4+ Kg6 55. b4 g3 0-1

[Event "La Fere op 8th"]
[Site "La Fere"]
[Date "2009.07.06"]
[Round "4"]
[White "Casier, Fabrice"]
[Black "Legrand, Jean Pierre"]
[Result "1-0"]
[WhiteElo "1820"]
[BlackElo "1530"]
[PlyCount "89"]
[EventDate "2009.07.04"]
[EventType "swiss"]
[EventRounds "9"]
[EventCountry "FRA"]
[SourceTitle "CBM 131 Extra"]
[Source "ChessBase"]
[SourceDate "2009.09.03"]
[SourceVersion "2"]
[SourceVersionDate "2009.09.16"]
[SourceQuality "1"]

1. c4 f5 2. d4 Nf6 3. Nf3 e6 4. Bg5 Be7 5. Nc3 c6 6. e3 0-0 7. Bd3 d6 8. 0-0 Nbd7 9. Qc2 Ne8 10. Bxe7 Qxe7 11. d5 Nc5 12. dxe6 Nxd3 13. Qxd3 Bxe6 14. Nd4 Nc7 15. Nxe6 Nxe6 16. Rfd1 Rad8 17. Qc2 Nc5 18. b4 Ne4 19. Rd3 Qf6 20. Rad1 Nxc3 21. Qxc3 Qxc3 22. Rxc3 Rf6 23. a4 Kf7 24. Kf1 Re6 25. Rd4 h6 26. h4 g6 27. g4 Re4 28. gxf5 Rxd4 29. fxg6+ Kxg6 30. exd4 Kh5 31. Re3 Rd7 32. Re6 Kxh4 33. Rxh6+ Kg5 34. Rh8 Kf4 35. Ke2 Kg5 36. Rf8 Kg6 37. f4 b6 38. Kf3 Kg7 39. Rc8 c5 40. dxc5 dxc5 41. bxc5 bxc5 42. Rxc5 Kf6 43. Ra5 Ke6 44. Ke4 Rc7 45. c5 1-0